000 00809nam a2200265Ia 4500
003 OSt
005 20220925194120.0
006 a|||||r|||| 00| 0
007 ta
008 220923b |||||||| |||| 00| 0 eng d
020 _a0521365384
037 _cGeneral Book
040 _aRTL
_cRTL
_beng
041 _2eng
_aeng
082 _aX:56.1.N39-N19, N0
100 _aEichengreen Barry
_9250348
245 0 _aElusive stability
_bEssays in the history of intern
260 _aCambridge
_bCambridge University Press UK
_c1990
300 _axi,335p
_ccm.
490 _aStudies in Monetary and Financial History
500 _aBibliography p 312-28
650 _aExport Control
_9235451
942 _hX:56.1.N39-N19, N0
_cGB
_2CC
999 _c528269
_d528269